000 00685nam a22002057a 4500
005 20140905105418.0
010 _aENG-110745
020 _a9788183874960
_c995.00
035 _aEN-94277
037 _bDBAD/PUB
082 _a320.954123
100 _aVerma, Ravindra Kumar
245 _ae-Panchayats in India :
_cby Ravindra Kumar Verma [and] Archana Kumari
_bsome facets /
260 _aNew Delhi
_bSerials Publications
_c2012
270 _a4830/24, Prahlad Street, Ansari Road, Darya Ganj
_bNew Delhi
_e110002
300 _ax,289p.
_c22cm(Hb)
500 _aIncludes bibliographical references
700 _aArchana Kumari
942 _2ddc
_cEN
_h320.954123
_mVER
999 _c88306
_d88306